000 00628nam a2200181 i 4500
001 131670
003 ES-MaACL
005 20260127062545.0
007 t|
008 070214s1944 sp r ||||1| spa d
100 1 _aRodríguez-Jurado, Adolfo,
_d1899-1982
_9159284
245 1 4 _aLos problemas fundamentales de la justicia /
_cAdolfo Rodríguez-Jurado.
260 _aMadrid :
_bReal Academia de Jurisprudencia y Legislación,
_c1944.
300 _a94 p. ;
_c19 cm.
700 _aReal Academia de Jurisprudencia y Legislación de España
_9217612
852 _aES-MaACL
_j1838-F-9
_bR.21285
999 _c131670
_d131670